000 00792nas a2200265 4500
001 BR9703985
003 BR-BrBNA
005 20231205100411.0
007 ta
008 230509b bl.|||p| |||| 00| 00por d
040 _aBR-BrBNA
_bpor
_cBiblioteca Nacional de Agricultura
041 _a(Pt)
072 _aF03
100 1 _aTakahashi, L.
100 1 _aMelges, E.
100 1 _aCarneiro, J.W.P.
245 1 _aDesempenho germinativo de sementes de Stevia rabaudiana (Bert.)Bertoni sob diferentes temperaturas
650 _aGerminacao
650 _aStevia
650 _aTemperatura
650 _aSemente
773 0 _tRevista Brasileira de Sementes (Brazil)
_xISSN 0101-3122
_g(1996), v. 18(1) p. 6-9
_wBR9703985
909 _a202311
_bLúcia
_c55
_dLúcia Elande
942 _2AGRIS
_n0
_cANA
999 _c155786
_d155786